| 000 | 00653nam a2200193 a 4500 | ||
|---|---|---|---|
| 001 | 000036493 | ||
| 005 | 20200930075749.0 | ||
| 008 | 120118s1995 cu 000 0 spa d | ||
| 020 | _a9591002262 | ||
| 040 |
_aDO-SdBNP _bspa _cBNPHU |
||
| 082 |
_axxx _bO77t |
||
| 100 | 1 |
_aOrtiz, Fernando, _d1881-1969. _962732 |
|
| 245 | 1 | 0 |
_aLos tambores, ararás, la conga / _cFernando Ortiz; edición Silvana Garriga. |
| 260 |
_aLa Habana : _bLetras Cubanas, _c1995. |
||
| 300 |
_a66 p. : _bil. ; _c19 cm. |
||
| 490 | 1 | _aLos instrumentos de la música afrocubana | |
| 700 | 1 |
_aGarriga, Silvana, _eed. _96313 |
|
| 830 | 0 |
_aLos instrumentos de la música afrocubana _962733 |
|
| 999 |
_c35984 _d35984 |
||